Personalizovaná podpora online experimentov

Salvato in:
Dettagli Bibliografici
Autore principale: Jenis, Michal, 1986- (Autore)
Altri autori: Žáková, Katarína (Relatore della tesi)
Natura: Manoscritto Libro
Lingua:slovacco
Pubblicazione: Bratislava : STU v Bratislave FEI, 2012
Soggetti:
Accesso online:VAIS
Tags: Aggiungi Tag
Nessun Tag, puoi essere il primo ad aggiungerne!!

MARC

LEADER 00000ntm a22000003a 4500
001 stu252130
005 20211118130200.5
008 120720s2012----xo------------------slo-d
040 |a STU  |b slo 
041 0 |a slo 
044 |a xo 
100 1 |a Jenis, Michal,  |d 1986-  |4 aut  |u E  |T FEI Fakulta elektrotechniky a informatiky  |X 28573  |U E  |Y 30  |7 A000028573 
242 0 0 |a Personalized support online experiments  |y eng 
245 1 |a Personalizovaná podpora online experimentov 
260 |a Bratislava :  |b STU v Bratislave FEI,  |c 2012 
300 |a 55 s  |c 2 príl. 
650 7 |a Applied Infromatics  |2 estusub 
650 7 |a web application  |2 estusub 
700 1 |a Žáková, Katarína  |4 ths  |u E010  |T FEI Ústav riadenia a priemyselnej informatiky  |X 4948  |U E010  |Y E010  |7 A000004948 
856 4 |a info a plný text  |u http://is.stuba.sk/zp/portal_zp.pl?podrobnosti=81478  |3 VAIS 
996 |b 284EP10277  |c E*DIPL-10277  |l EE23  |s P  |a 0  |w stu252130_0001